| 000 | 00336nam a2200133Ia 4500 | ||
|---|---|---|---|
| 005 | 20251222144851.0 | ||
| 008 | 251222s9999||||xx |||||||||||||| ||spa|| | ||
| 082 | _a370.19/V32 | ||
| 100 | _aVargas Vargas, Laura | ||
| 245 | 0 | _aTécnicas Participativas para La Educación Popular | |
| 250 | _a4a.ed. | ||
| 264 | _bAlforja | ||
| 942 | _cLIB | ||
| 999 |
_c21622 _d21622 |
||